000
00374nam a22001337a 4500
020
_a
9787508536606
082
_a
808.02 LON
100
_a
Chen, Qiwen,
245
_a
Yuan Longping : the father of hybrid rice
_c
Chen, Qiwen,
260
_a
China
_b
Intercontinental press
_c
2019
300
_a
195p
942
_2
ddc
_c
BK
999
_c
587867
_d
587867